<?xml version="1.0" encoding="UTF-8"?>
<record
    xmlns:xsi="http://www.w3.org/2001/XMLSchema-instance"
    xsi:schemaLocation="http://www.loc.gov/MARC21/slim http://www.loc.gov/standards/marcxml/schema/MARC21slim.xsd"
    xmlns="http://www.loc.gov/MARC21/slim">

  <leader>01035nam2a22002651  4500</leader>
  <controlfield tag="001">rc\2299521</controlfield>
  <controlfield tag="005">20250623010633.0</controlfield>
  <datafield tag="035" ind1=" " ind2=" ">
    <subfield code="a">(NLR Aleph) 006503982</subfield>
  </datafield>
  <datafield tag="090" ind1=" " ind2=" ">
    <subfield code="a">6260641</subfield>
    <subfield code="c">6260641</subfield>
  </datafield>
  <datafield tag="100" ind1=" " ind2=" ">
    <subfield code="a">20110829d1986    |||y0rusy50      ca</subfield>
  </datafield>
  <datafield tag="101" ind1="0" ind2=" ">
    <subfield code="a">rus</subfield>
  </datafield>
  <datafield tag="102" ind1=" " ind2=" ">
    <subfield code="a">RU</subfield>
  </datafield>
  <datafield tag="105" ind1=" " ind2=" ">
    <subfield code="a">y   z   |||||</subfield>
  </datafield>
  <datafield tag="200" ind1="0" ind2=" ">
    <subfield code="a">1985</subfield>
    <subfield code="f">[&#x421;&#x43E;&#x441;&#x442;&#x430;&#x432;&#x438;&#x442;&#x435;&#x43B;&#x44C; &#x421;.&#x421;. &#x41F;&#x443;&#x43B;&#x430;&#x442;&#x43E;&#x432;&#x430;]</subfield>
  </datafield>
  <datafield tag="210" ind1=" " ind2=" ">
    <subfield code="d">1986</subfield>
    <subfield code="a">&#x411;. &#x43C;.</subfield>
  </datafield>
  <datafield tag="215" ind1=" " ind2=" ">
    <subfield code="a">348, [1] &#x441;.</subfield>
  </datafield>
  <datafield tag="300" ind1=" " ind2=" ">
    <subfield code="a">&#x417;&#x430;&#x433;&#x43B;. &#x442;&#x430;&#x43A;&#x436;&#x435;: &#x443;&#x437;&#x431;.</subfield>
  </datafield>
  <datafield tag="461" ind1=" " ind2="0">
    <subfield code="1">001rc\2299516</subfield>
    <subfield code="1">2001#$a&#x415;&#x436;&#x435;&#x433;&#x43E;&#x434;&#x43D;&#x438;&#x43A; &#x43A;&#x43D;&#x438;&#x433;&#x438; &#x423;&#x437;&#x431;&#x435;&#x43A;&#x441;&#x43A;&#x43E;&#x439; &#x421;&#x421;&#x420;$e&#x411;&#x438;&#x431;&#x43B;&#x438;&#x43E;&#x433;&#x440;. &#x443;&#x43A;&#x430;&#x437;.$f&#x413;&#x43E;&#x441;. &#x43A;&#x43D;. &#x43F;&#x430;&#x43B;&#x430;&#x442;&#x430; &#x423;&#x437;&#x421;&#x421;&#x420;$v1985</subfield>
    <subfield code="9">6260596</subfield>
    <subfield code="c">&#x422;&#x430;&#x448;&#x43A;&#x435;&#x43D;&#x442;</subfield>
    <subfield code="f">&#x413;&#x43E;&#x441;. &#x43A;&#x43D;. &#x43F;&#x430;&#x43B;&#x430;&#x442;&#x430; &#x423;&#x437;&#x421;&#x421;&#x420;</subfield>
    <subfield code="n">&#x41A;&#x43D;. &#x43F;&#x430;&#x43B;&#x430;&#x442;&#x430; &#x423;&#x437;&#x421;&#x421;&#x420;</subfield>
    <subfield code="o">&#x411;&#x438;&#x431;&#x43B;&#x438;&#x43E;&#x433;&#x440;. &#x443;&#x43A;&#x430;&#x437;.</subfield>
    <subfield code="t">&#x415;&#x436;&#x435;&#x433;&#x43E;&#x434;&#x43D;&#x438;&#x43A; &#x43A;&#x43D;&#x438;&#x433;&#x438; &#x423;&#x437;&#x431;&#x435;&#x43A;&#x441;&#x43A;&#x43E;&#x439; &#x421;&#x421;&#x420;</subfield>
    <subfield code="v">1985</subfield>
  </datafield>
  <datafield tag="702" ind1=" " ind2="1">
    <subfield code="a">&#x421;&#x430;&#x43D;&#x43E;&#x431;&#x430;&#x440; &#x421;&#x430;&#x433;&#x430;&#x442;&#x43E;&#x432;&#x43D;&#x430;</subfield>
    <subfield code="b">&#x41F;.</subfield>
    <subfield code="g">&#x41F;&#x443;&#x43B;&#x430;&#x442;&#x43E;&#x432;&#x430;</subfield>
    <subfield code="4">220</subfield>
  </datafield>
  <datafield tag="801" ind1=" " ind2="0">
    <subfield code="a">RU</subfield>
    <subfield code="b">NLR</subfield>
    <subfield code="g">psbo</subfield>
  </datafield>
  <datafield tag="801" ind1=" " ind2="1">
    <subfield code="a">RU</subfield>
    <subfield code="b">ELAR</subfield>
    <subfield code="2">rusmarc</subfield>
  </datafield>
  <datafield tag="852" ind1=" " ind2=" ">
    <subfield code="a">NLR</subfield>
    <subfield code="b">&#x41E;&#x41D;&#x41B;</subfield>
  </datafield>
  <datafield tag="942" ind1=" " ind2=" ">
    <subfield code="c">BOOK</subfield>
  </datafield>
  <datafield tag="980" ind1=" " ind2=" ">
    <subfield code="a">NB</subfield>
  </datafield>
  <datafield tag="995" ind1=" " ind2=" ">
    <subfield code="5">2013-10-26</subfield>
    <subfield code="b">NLR01</subfield>
    <subfield code="c">NLR01</subfield>
    <subfield code="e">ONL</subfield>
    <subfield code="f">6503982-10</subfield>
    <subfield code="k">&#x41E;&#x41D;&#x41B;</subfield>
    <subfield code="o">0</subfield>
    <subfield code="r">BOOK</subfield>
    <subfield code="s">_</subfield>
  </datafield>
</record>
